000 00820nam a22002777a 4500
001 4908
003 FISKH
005 20241023151726.0
008 241023b cb ||||| |||| 00| 0 eng d
020 _a070609823904
040 _aFISKH
_beng
_cFISKH
_dFISKH
050 _aC411
082 _a910
100 _aMcNally, Rand
245 _aGeography Encyclopedia /
_cby Rand McNally
260 _aChicago :
_bRand McNally & Company ;
_c1984 .
300 _a141 pages :
_bcolor illustrations ;
_c30 cm .
505 _aZ
520 _aDiscusses the continents, countries, and peoples of the world.
521 8 _a900
_bLexile estimate
521 8 _aZ
_bRaz-Plus
650 _aGeography and Travel
_vnon-fiction
700 _aClapham, Frances M.
_eEdiroral
942 _2ddc
_cBK
_n0
999 _c4908
_d4908